Основные фонды нефтегазовой компании как главные ресурсы эффективности производства; Проблемы геологии и освоения недр; Т. 2
| Parent link: | Проблемы геологии и освоения недр: труды XIX Международного симпозиума имени академика М. А. Усова студентов и молодых ученых, посвященного 70-летнему юбилею Победы советского народа над фашистской Германией, Томск, 6-10 апреля 2015 г./ Национальный исследовательский Томский политехнический университет (ТПУ), Институт природных ресурсов (ИПР) ; Общество инженеров-нефтяников, международная некоммерческая организация, Студенческий чаптер ; под ред. А. Ю. Дмитриева.— , 2015 Т. 2.— [С. 609-610] |
|---|---|
| Hovedforfatter: | |
| Institution som forfatter: | |
| Andre forfattere: | |
| Summary: | Заглавие с экрана |
| Sprog: | russisk |
| Udgivet: |
|
| Serier: | Экономика минерального и углеводорного сырья. Горное право |
| Fag: | |
| Online adgang: | http://earchive.tpu.ru/handle/11683/22951 http://www.lib.tpu.ru/fulltext/c/2015/C11/V2/276.pdf |
| Format: | MixedMaterials Electronisk Book Chapter |
| KOHA link: | https://koha.lib.tpu.ru/cgi-bin/koha/opac-detail.pl?biblionumber=615590 |
MARC
| LEADER | 00000naa2a2200000 4500 | ||
|---|---|---|---|
| 001 | 615590 | ||
| 005 | 20231101132851.0 | ||
| 035 | |a (RuTPU)RU\TPU\conf\13789 | ||
| 035 | |a RU\TPU\conf\13788 | ||
| 090 | |a 615590 | ||
| 100 | |a 20151111d2015 k y0rusy50 ca | ||
| 101 | 0 | |a rus | |
| 102 | |a RU | ||
| 105 | |a y z 100zy | ||
| 135 | |a drgn ---uucaa | ||
| 181 | 0 | |a i | |
| 182 | 0 | |a b | |
| 200 | 1 | |a Основные фонды нефтегазовой компании как главные ресурсы эффективности производства |f К. Н. Ахмадеев |g науч. рук. В. Б. Романюк | |
| 203 | |a Текст |c электронный | ||
| 225 | 1 | |a Экономика минерального и углеводорного сырья. Горное право | |
| 230 | |a 1 компьютерный файл (pdf; 630 Kb) | ||
| 300 | |a Заглавие с экрана | ||
| 320 | |a [Библиогр.: с. 610 (4 назв.)] | ||
| 337 | |a Adobe Reader | ||
| 461 | 1 | |0 (RuTPU)RU\TPU\conf\12865 |t Проблемы геологии и освоения недр |o труды XIX Международного симпозиума имени академика М. А. Усова студентов и молодых ученых, посвященного 70-летнему юбилею Победы советского народа над фашистской Германией, Томск, 6-10 апреля 2015 г. |o в 2 т. |f Национальный исследовательский Томский политехнический университет (ТПУ), Институт природных ресурсов (ИПР) ; Общество инженеров-нефтяников, международная некоммерческая организация, Студенческий чаптер ; под ред. А. Ю. Дмитриева |d 2015 | |
| 463 | 1 | |0 (RuTPU)RU\TPU\conf\13350 |t Т. 2 |v [С. 609-610] | |
| 610 | 1 | |a труды учёных ТПУ | |
| 610 | 1 | |a электронный ресурс | |
| 610 | 1 | |a основные фонды | |
| 610 | 1 | |a нефтегазовые компании | |
| 610 | 1 | |a эффективность | |
| 610 | 1 | |a производство | |
| 610 | 1 | |a ресурсы | |
| 700 | 1 | |a Ахмадеев |b К. Н. | |
| 702 | 1 | |a Романюк |b В. Б. |c российский учёный в области экономики природных ресурсов |c старший преподаватель Томского политехнического университета |f 1964- |g Вера Борисовна |2 stltpush |4 727 | |
| 712 | 0 | 2 | |a Национальный исследовательский Томский политехнический университет (ТПУ) |b Институт природных ресурсов (ИПР) |b Кафедра экономики природных ресурсов (ЭПР) |h 3659 |2 stltpush |3 (RuTPU)RU\TPU\col\18668 |
| 801 | 2 | |a RU |b 63413507 |c 20210119 |g RCR | |
| 856 | 4 | |u http://earchive.tpu.ru/handle/11683/22951 | |
| 856 | 4 | |u http://www.lib.tpu.ru/fulltext/c/2015/C11/V2/276.pdf | |
| 942 | |c BK | ||